000 00347nam a2200121Ia 4500
008 210430s9999 xx 000 0 und d
082 _a510.3 T449U
100 _aSadler.A.J,Thorning.D.W.S
_954975
245 _aUnderstanding Pure Mathematics
_cSadler.A.J,Thorning.D.W.S
260 _aoxford university
_c1987
300 _a602p.
942 _cBK
_2ddc
999 _c565907
_d565907